| 000 | 00643nam a2200229Ia 4500 | ||
|---|---|---|---|
| 003 | OSt | ||
| 005 | 20140318104605.0 | ||
| 008 | 140130s9999 xx 000 0 und d | ||
| 020 | _a9780439669351 | ||
| 050 |
_aQL 751.5 _b.Se54 2004 |
||
| 100 | _aSettel, Joanne. | ||
| 245 |
_cJoanne Settel. _aExploding ants : _bamazing facts about how animals adapt / |
||
| 260 |
_bScholastic Inc., _aUSA : _cc2004. |
||
| 300 |
_a40 p. : _bcol. ill. ; _c23 cm. |
||
| 440 | _v1 | ||
| 521 | _aG10 | ||
| 526 | _c1020 | ||
| 650 |
_aAnimal behavior _x-Juvenile literature. |
||
| 650 |
_aAnimals _xHabits and behavior. |
||
| 942 |
_cBK _2lcc |
||
| 999 |
_c41365 _d41365 |
||